Física general / (Record no. 94379)

MARC details
000 -LEADER
campo de control de longitud fija 00674nam a2200205 i 4500
001 - NÚMERO DE CONTROL
campo de control 94379
003 - IDENTIFICADOR DE NÚMERO DE CONTROL
campo de control ES-MaACL
005 - FECHA Y HORA DE LA ÚLTIMA TRANSACCIÓN
campo de control 20250829062531.0
007 - CAMPO FIJO DE DESCRIPCIÓN FÍSICA--INFORMACIÓN GENERAL
campo de control de longitud fija t|
008 - DATOS DE LONGITUD FIJA--INFORMACIÓN GENERAL
campo de control de longitud fija 050429s1984 sp ||||1| spa d
020 ## - NÚMERO INTERNACIONAL ESTÁNDAR DEL LIBRO
Número Internacional Estándar del Libro 84-362-1777-2
100 1# - ENTRADA PRINCIPAL--NOMBRE DE PERSONA
Nombre de persona Lorente Guarch, José Luis.
9 (RLIN) 74116
245 10 - MENCIÓN DEL TÍTULO
Título Física general /
Mención de responsabilidad, etc. preparado por José Luis Lorente Guarch, Antonio Rueda de Andrés.
260 ## - PUBLICACIÓN, DISTRIBUCIÓN, ETC.
Lugar de publicación, distribución, etc. Madrid :
Nombre del editor, distribuidor, etc. Universidad a Distancia,
Fecha de publicación, distribución, etc. 1984.
300 ## - DESCRIPCIÓN FÍSICA
Extensión 2 v. ;
Dimensiones 29 cm.
700 1# - ENTRADA AGREGADA--NOMBRE PERSONAL
Nombre de persona Rueda de Andrés, Antonio.
9 (RLIN) 100521
710 2# - ENTRADA AGREGADA--NOMBRE DE ENTIDAD CORPORATIVA
Nombre de entidad corporativa o nombre de jurisdicción como elemento de entrada Universidad Nacional de Educación a Distancia (España)
9 (RLIN) 7405
852 ## - LOCALIZACIÓN
Ubicación ES-MaACL
Número de control de estantería L-8652-3
Sublocalización o colección R.109162
Holdings
Estatus retirado Estado de pérdida Estado de daño No para préstamo Biblioteca de origen Biblioteca actual Ubicación en estantería Fecha de adquisición Fuente de adquisición Total de préstamos Signatura topográfica completa Código de barras Visto por última vez Precio de reemplazo Tipo de ítem Koha
        Biblioteca del Ateneo de Madrid Biblioteca del Ateneo de Madrid Depósito 2 17/01/2008     L-8652-3 1098571 23/02/2023 23/02/2023 Libro impreso